Statistiques concernant Culture Générale - Série 254

Cliquez ici pour prendre le quiz!

Statistiques générales

  • Ce quiz a été pris 417 fois
  • Le résultat moyen est 4 sur 10

Statistiques - réponses

QuestionRéponse% Correct
Dans quel pays se situe la ville de Liège ?La Belgique
100%
Quel nom porte la force d'attraction qu'exerce la Terre sur nos corps ?La gravité
63%
De quel Etat insulaire Malé est-elle la capitale ?Les Maldives
53%
De quel département le beaufort est-il un fromage AOC ?La Savoie
45%
Quel célèbre mont reste associé au film "La Mort aux trousses" ?Le mont Rushmore
42%
Quel écrivain a surnommé sa mère "Folcoche" dans ses romans ?Hervé Bazin
38%
Quel groupe disco interprète "Le Freak" en 1978 ?Chic
28%
Qui est l'interprète de "Lady d'Arbanville" en 1970 ?Cat Stevens
20%
Quelle chanteuse reprend "Hasta siempre" en 1997 ?Nathalie Cardone
14%
Qui interprète le tube "When a Man Loves a Woman" en 1966 ?Percy Sledge
12%

Distribution des résultats

Percentile par nombre de réponses

% des personnes avec chaque résultat

Votre développement - résultats

Vous n’avez pas pris ce quiz